| 000 | 00892nam a2200277Z 4500 | ||
|---|---|---|---|
| 001 | 3210209 | ||
| 003 | PILC | ||
| 005 | 20150112093431.0 | ||
| 008 | 790723s1976 enk 1 0 eng || | ||
| 020 | _a058269969X | ||
| 035 | _a(Sirsi) 60960178 | ||
| 035 | _a(CaBKOC)60960178 | ||
| 040 |
_aZBkoc _beng _dWaOLN _dUtOrBLW |
||
| 050 | 0 | 4 |
_aG 128 _b.B942 1973 |
| 082 |
_aGSF 910 _bB88 1973 |
||
| 090 |
_aGB23 _b.B95 1976 |
||
| 100 | 1 |
_aBunnett, R. B. _910713 |
|
| 245 | 1 | 0 |
_aGeneral geography in diagrams / _cR.B. Bunnett. -- |
| 250 | _a3d ed. | ||
| 260 |
_aLondon : _bLongman, _c1973. |
||
| 300 |
_a375 pages : _bill. p; _c24 cm. |
||
| 500 | _a"This book comprises the full text of the metric edition of the author's Physical geography in diagrams (expanded and updated.)" | ||
| 504 | _aIncludes index. | ||
| 650 | 0 |
_aPhysical geography _vCharts, diagrams, etc. _910714 |
|
| 942 |
_2lcc _cBK |
||
| 999 |
_c14377 _d14377 |
||